| 000 | 00931nam a2200289Ia 4500 | ||
|---|---|---|---|
| 003 | OSt | ||
| 005 | 20221006153742.0 | ||
| 006 | a|||||r|||| 00| 0 | ||
| 007 | ta | ||
| 008 | 221006b |||||||| |||| 00| 0 eng d | ||
| 020 |
_a1920185039154 _c¥4110 |
||
| 024 | _a33,239 | ||
| 037 |
_bgift, Shinnyo-en _cAnnuals, Advances |
||
| 040 |
_aEASL _cEASL _beng |
||
| 041 |
_2eng _aeng |
||
| 082 | _aQ4:4198.42, P5 | ||
| 100 |
_aREADER Ian _9647278 |
||
| 245 | 0 |
_aMaking Pilgrimages _b Meaning and Practice in Shikoku |
|
| 260 |
_aHawai'i _bUniversity of Hawai'i press _c2005 |
||
| 300 |
_axiv,350p. _ccm. |
||
| 490 | _v JEL | ||
| 650 | _a JEL | ||
| 650 |
_a Shikoku region - Japan - Religious life and customs _9665266 |
||
| 650 |
_aBuddhist pilgrims and pilgrimages - Japan - Shikoku region _9665267 |
||
| 942 |
_hQ4:4198.42, P5 _cREF _2CC |
||
| 999 |
_c1101325 _d1101325 |
||